Strategic planning development and implementation (Record no. 348655)

000 -LEADER
fixed length control field 00470cam a22001457a 4500
008 - FIXED-LENGTH DATA ELEMENTS--GENERAL INFORMATION
fixed length control field 180718b1988 xxu||||| |||| 00| 0 eng d
082 ## - DEWEY DECIMAL CLASSIFICATION NUMBER
Classification number T000 M481
100 ## - MAIN ENTRY--PERSONAL NAME
Personal name Malcher, Bonita H.
245 ## - TITLE STATEMENT
Title Strategic planning development and implementation
Statement of responsibility, etc. by Bonita H. Malcher, Nonita H. Malcher and Harold Kerzner
260 ## - PUBLICATION, DISTRIBUTION, ETC.
Place of publication, distribution, etc. Blue Ridge Summit
Name of publisher, distributor, etc. Tab Books
Date of publication, distribution, etc. 1988
300 ## - PHYSICAL DESCRIPTION
Extent 404p.
650 ## - SUBJECT ADDED ENTRY--TOPICAL TERM
Topical term or geographic name entry element Economic planning
700 ## - ADDED ENTRY--PERSONAL NAME
Personal name Kerzner, Harold
700 ## - ADDED ENTRY--PERSONAL NAME
Personal name Melcher, Nonita H.
Holdings
Withdrawn status Lost status Damaged status Not for loan Permanent Location Current Location Date acquired Full call number Barcode Date last seen Price effective from Koha item type
        Indian Institute of Public Administration Indian Institute of Public Administration 1993-10-26 T000 M481 65268 2018-07-21 2018-07-21 Book

Powered by Koha